LIBRARY & INFORMATION CENTRE, KCAET, TAVANUR

ONLINE PUBLIC ACCESS CATALOGUE (OPAC)

Progress in the modern world (Record no. 1235)

MARC details
000 -LEADER
fixed length control field 00396cam a2200169ua 4500
041 ## - LANGUAGE CODE
Language code of text/sound track or separate title eng
082 ## - DEWEY DECIMAL CLASSIFICATION NUMBER
Classification number 930
Item number SUL/PR
100 ## - MAIN ENTRY--AUTHOR NAME
Personal name Sullivan, Navin .
245 ## - TITLE STATEMENT
Title Progress in the modern world
260 ## - PUBLICATION, DISTRIBUTION, ETC. (IMPRINT)
Place of publication London :
Name of publisher George G. harrap and Co Ltd ,
Year of publication 1965.
300 ## - PHYSICAL DESCRIPTION
Number of Pages 108 ; .
942 ## - ADDED ENTRY ELEMENTS (KOHA)
Koha item type Books
Holdings
Withdrawn status Lost status Damaged status Home library Current library Date acquired Full call number Accession Number Koha item type
Withdrawn     KAUAET KAUAET 16/11/2023 930 SUL/PR 11476 Books
Withdrawn     KAUAET Sanskrit University 07/04/2012 930 11475 Books
free website counter